| 000 | 00690nam a2200181 a 4500 | ||
|---|---|---|---|
| 001 | 000040012 | ||
| 005 | 20201002033850.0 | ||
| 008 | 130802s2004 mx 000 0 spa d | ||
| 020 | _a9703204724 | ||
| 040 |
_aDO-SdBNP _bspa _cBNPHU |
||
| 100 | 1 |
_aPayno, Manuel _d1810-1894 _917859 |
|
| 245 | 1 | 0 |
_aTrinidad de Juárez : _bleyenda del año 1648 / _cManuel Payno ; introducción Blanca Estela Treviño. |
| 260 |
_aMéxico : _bDirección General de Publicaciones y Fomento Editorial : _bUniversidad Nacional Autónoma de México, _c2004. |
||
| 300 |
_a54 p. ; _c18 cm. |
||
| 490 | 1 |
_aRelato Licenciado Vidriera _v5 |
|
| 586 | _aPremio Caniem 2003 | ||
| 830 | 0 |
_aRelato Licenciado Vidriera _v5 _966234 |
|
| 999 |
_c39502 _d39502 |
||